Biblioteca

A history of Latin America : (Registro nro. 67311)

Detalles MARC
000 -LÍDER
Campo fijo de descripción fija 01847cam a2200361 i 4500
001 - NÚMERO DE CONTROL
Campo de control 768714001
003 - IDENTIFICADOR DEL NÚMERO DE CONTROL
Campo de control CO-MdFUSB
005 - FECHA Y HORA DE LA ULTIMA TRANSACCIÓN
control field 20220809164512.0
007 - CAMPO FIJO DE DESCRIPCIÓN FIJA--INFORMACIÓN GENERAL
Campo fijo de descripción fija ta
008 - ELEMENTOS DE LONGITUD FIJA -- INFORMACIÓN GENERAL
Campo fijo de descripción fija -- Información general 960816t1997 mauabf b 001 0 eng
010 ## - NÚMERO DE CONTROL DE LA BIBLIOTECA DEL CONGRESO
Número de control LC 96038512
020 ## - NÚMERO INTERNACIONAL NORMALIZADO PARA LIBROS
Número Internacional Normalizado del libro 0631167919 (alk. paper)
020 ## - NÚMERO INTERNACIONAL NORMALIZADO PARA LIBROS
Número Internacional Normalizado del libro 0631205470
040 ## - FUENTE DE CATALOGACIÓN
Agencia de catalogación original DLC
Agencia que realiza la transcripción CO-MdFUSB
Agencia que realiza la modificación DLC
Idioma de catalogación spa
Convenciones de la descripción rda
041 ## - CÓDIGO DE IDIOMA
Código de idioma para texto/pista de sonido o título separado eng
082 00 - NÚMERO DE CLASIFICACIÓN DECIMAL DEWEY
Número de la edición del Dewey 23
Número de clasificación 980
Clave de autor-Numero de item B168
100 1# - ASIENTO PRINCIPAL--NOMBRE PERSONAL
Nombre personal Bakewell, P. J.
Fechas asociadas con el nombre 1943-
Término relacionador autor
245 12 - TÍTULO
Título del Material A history of Latin America :
Parte restante del título - Subtitulo empires and sequels, 1450-1930
Mención de responsabilidad, etc. / Peter Bakewell.
264 #1 - PRODUCCIÓN, PUBLICACIÓN, DISTRIBUCIÓN, MANUFACTURA, Y COPYRIGHT
Lugar de producción, publicación, distribución, manufactura Malden, MA :
Nombre del productor, publicador, distribuidor Blackwell Publishers,
Fecha de producción, publicación, distribución, manufactura, o copyright [1997]
264 #4 - PRODUCCIÓN, PUBLICACIÓN, DISTRIBUCIÓN, MANUFACTURA, Y COPYRIGHT
Fecha de producción, publicación, distribución, manufactura, o copyright © 1997
300 ## - DESCRIPCIÓN FÍSICA
Extensión 520 páginas :
Otros detalles físicos ilustraciones, mapas ;
Dimensiones ; 26 cm.
336 ## - TIPO DE CONTENIDO
Fuente rdacontent
Término de tipo de contenido texto
Código de tipo de contenido txt
337 ## - TIPO DE MEDIO
Fuente rdamedia
Nombre del tipo de medio sin mediación
Código del tipo de medio n
338 ## - TIPO DE SOPORTE
Fuente rdacarrier
Nombre del tipo de soporte volumen
Código Tipo de soporte nc
504 ## - NOTA DE BIBLIOGRAFÍA, ETC.
Nota de bibliografía, etc Incluye referencias bibliográficas (p. 493-512) e índice.
505 ## - NOTA DE CONTENIDO
Nota de contenido con formato preestablecido Convenciones utilizadas -- Parte I: Bases. Tierras y climas; pueblos americanos; Iberia -- Parte II: Aproximaciones. Colón y otros; Experimento en el Caribe; Conquista militar -- Parte III: Dominación. Administración: el poder del papel; Iglesia: frailes, obispos y estado; Sociedad: los viejos órdenes cambiaron; Economía: barcos y plata -- Parte IV: Colonias maduras. El siglo XVII: un agarre más flojo; Hispanoamérica del siglo XVIII: ¿reformada o deformada? -- Parte V: Portugal en América. Brasil colonial: esclavos, azúcar y oro -- Parte VI: Autodescubrimiento: el siglo XIX y más allá. independencia; A la deriva en tempestades: caudillos y penurias; Aguas más tranquilas y nuevo rumbo : oligarcas y exportaciones -- Epílogo -- Glosario.
563 ## - NOTA DE ENCUADERNACIÓN
Nota de encuadernación Rústico
651 #7 - ASIENTO SECUNDARIO DE MATERIA - NOMBRE GEOGRAFICO
Nombre geográfico América Latina
Subdivisión general Historia.
830 #0 - PUNTO DE ACCESO ADICIONAL DE SERIE - TÍTULO UNIFORME
Título uniforme Blackwell history of the world
942 ## - TIPO DE MATERIAL (KOHA)
Tipo de Item KOHA Libros General
945 ## - INFORMACIÓN LOCAL DEL REGISTRO
Catalogador JTF-925
Existencias
Estado de Material Estado de Perdido Forma de Clasificación Estado de Dañado No para Préstamo Colección Biblioteca de Origen Biblioteca Permanente Fecha de Adquisición Área Total de Préstamos Signatura Topográfica Código de Barras Última vez visto Ejemplar/Existencia Fecha de Remplazo Tipo de Material
    Dewey Decimal Classification     Colección General Biblioteca FUSBC Biblioteca FUSBC 23/02/2022 HISTORIA   G 980 B168h 6978 23/02/2022 Ej.1 23/02/2022 Libros General

Biblioteca FUSBC | Teléfono: (57+4) 349 88 10 Ext. 141| WhatsApp (+57) 3005338115 
E-mail: biblioteca@unisbc.edu.co | Calle 76 87-14 Robledo Palenque, Medellín, Colombia

Con tecnología Koha